Innovation, innovation systems, innovation policy and regional aspects of innovation in literature

Guardado en:
Detalles Bibliográficos
Autor principal: Adamovský, Peter, 1990-
Formato: Capítulo de libro
Lenguaje:inglés
Materias:
Etiquetas: Agregar Etiqueta
Sin Etiquetas, Sea el primero en etiquetar este registro!

MARC

LEADER 00000nla$a2200000$$$4500
001 0226456
005 20240502073726.0
041 0 |a eng 
044 |a SK 
245 1 0 |a Innovation, innovation systems, innovation policy and regional aspects of innovation in literature  |c Peter Adamovský 
610 2 0 |a inovácia 
610 2 0 |a systémy inovačné 
610 2 0 |a regióny 
610 2 0 |a Európa 
610 2 0 |a disparita 
610 2 0 |a politika regionálna 
610 2 0 |a politika inovačná 
610 2 0 |a technológie nové 
100 1 |a Adamovský, Peter, 1990-